[Event "Torneo Nuevo Centro. Jornada 7"]
[Site "Chess.com"]
[Date "2020.07.31"]
[Round "1"]
[White "Marques Montolio, Luis"]
[Black "Luque Saiz, Andrés"]
[Result "0-1"]
[WhiteElo "1412"]
[BlackElo "2012"]
[PlyCount "32"]
[EventDate "2020.??.??"]

1. e4 c6 2. d4 d5 3. Nc3 dxe4 4. Nxe4 Nf6 5. Ng3 Bg4 6. Nf3 e6 7. c3 Bd6 8. Bd3
Nbd7 9. Bg5 Qc7 10. Qd2 Bxf3 11. gxf3 h6 12. Be3 Nd5 13. O-O-O O-O-O 14. Rdg1
g6 15. h3 Nxe3 16. Qxe3 Bf4 0-1

[Event "Torneo Nuevo Centro. Jornada 7"]
[Site "Chess.com"]
[Date "2020.07.31"]
[Round "1"]
[White "Jordan Martinez, Miguel"]
[Black "Fitzpatrick Dimas, Kevin"]
[Result "1-0"]
[WhiteElo "1839"]
[BlackElo "898"]
[PlyCount "45"]
[EventDate "2020.??.??"]

1. e4 e5 2. Nf3 Nc6 3. Bc4 Bc5 4. c3 b6 5. d4 exd4 6. cxd4 Bd6 7. e5 Bb4+ 8.
Nc3 Bxc3+ 9. bxc3 Nge7 10. O-O O-O 11. Bd3 h6 12. Re1 Ng6 13. Qc2 Nf4 14. Bxf4
d6 15. exd6 cxd6 16. d5 Ne5 17. Nxe5 Re8 18. Nxf7 Rxe1+ 19. Rxe1 Kxf7 20. Bg6+
Kf8 21. Re8+ Qxe8 22. Bxe8 Kxe8 23. Bxd6 1-0

[Event "Torneo Nuevo Centro. Jornada 7"]
[Site "Chess.com"]
[Date "2020.07.31"]
[Round "1"]
[White "Miranda Calvo, Max Rodrigo"]
[Black "Donate Moreno, Silvia"]
[Result "0-1"]
[WhiteElo "1311"]
[BlackElo "1986"]
[PlyCount "30"]
[EventDate "2020.??.??"]

1. e4 c5 2. Nf3 d6 3. c3 Nf6 4. Be2 Nc6 5. d3 g6 6. Bg5 Bg7 7. c4 h6 8. Bd2 Ng4
9. h3 Nge5 10. Nxe5 Bxe5 11. Nc3 Bg7 12. O-O O-O 13. Qc2 Nd4 14. Qc1 Kh7 15.
Nb5 Nxe2+ 0-1

[Event "Torneo Nuevo Centro. Jornada 7"]
[Site "Chess.com"]
[Date "2020.07.31"]
[Round "1"]
[White "Rodriguez Rodriguez, Joan David"]
[Black "Vega Gutiérrez, Sabrina"]
[Result "0-1"]
[WhiteElo "1636"]
[BlackElo "2146"]
[PlyCount "46"]
[EventDate "2020.??.??"]

1. d4 d5 2. c4 e6 3. Nc3 c6 4. cxd5 exd5 5. Qc2 Bd6 6. h3 Ne7 7. Nf3 Bf5 8. Qd2
O-O 9. e3 Nd7 10. Bd3 Nf6 11. O-O Re8 12. Qc2 Bxd3 13. Qxd3 Ng6 14. a3 Ne4 15.
Bd2 f5 16. Rac1 Nh4 17. Nxh4 Qxh4 18. Qe2 f4 19. Qg4 Qxg4 20. hxg4 Nxd2 21.
Rfd1 fxe3 22. fxe3 Nc4 23. Rc2 Nxe3 0-1

[Event "Torneo Nuevo Centro. Jornada 7"]
[Site "Chess.com"]
[Date "2020.07.31"]
[Round "1"]
[White "Pedros Viudes, Santiago"]
[Black "Méndez Giménez, Néstor Emmanuel"]
[Result "1-0"]
[WhiteElo "1938"]
[BlackElo "1168"]
[PlyCount "47"]
[EventDate "2020.??.??"]

1. d4 e6 2. Nf3 d5 3. Bf4 Nc6 4. e3 Nf6 5. Nbd2 Bd6 6. Ne5 Nxe5 7. dxe5 g5 8.
Bg3 O-O 9. exf6 Qxf6 10. Bxd6 cxd6 11. c3 b6 12. Bd3 e5 13. Qf3 Qxf3 14. gxf3
Bh3 15. Rg1 f6 16. Rg3 Bd7 17. h4 h6 18. O-O-O Kh8 19. Rh1 e4 20. fxe4 dxe4 21.
Bxe4 gxh4 22. Rxh4 Rf7 23. Rxh6+ Rh7 24. Rxh7# 1-0

[Event "Torneo Nuevo Centro. Jornada 7"]
[Site "Chess.com"]
[Date "2020.07.31"]
[Round "1"]
[White "Grigorev, Artur"]
[Black "Gutierrez Marco, Dario"]
[Result "0-1"]
[WhiteElo "931"]
[BlackElo "1839"]
[PlyCount "40"]
[EventDate "2020.??.??"]

1. e4 c5 2. Nc3 e6 3. Nf3 Nc6 4. d4 cxd4 5. Nxd4 Qc7 6. Be2 Nf6 7. O-O Be7 8.
Bg5 O-O 9. h3 a6 10. Qd2 b5 11. Bf3 Bb7 12. e5 Nxe5 13. Bxb7 Qxb7 14. Bxf6 Bxf6
15. Qf4 Ng6 16. Qe3 d5 17. Rae1 b4 18. Nce2 a5 19. Nf4 Nxf4 20. Qxf4 e5 0-1

[Event "Torneo Nuevo Centro. Jornada 7"]
[Site "Chess.com"]
[Date "2020.07.31"]
[Round "1"]
[White "Carbonell Bofill, Carlos Eloy"]
[Black "Conejero Martínez, Víctor"]
[Result "1-0"]
[WhiteElo "2008"]
[BlackElo "1398"]
[PlyCount "37"]
[EventDate "2020.??.??"]

1. d4 Nf6 2. Nf3 d5 3. Bf4 e6 4. e3 Bd6 5. Ne5 Nbd7 6. c4 b6 7. Nc6 Bxf4 8.
exf4 O-O 9. Nxd8 Rxd8 10. Nc3 c5 11. cxd5 exd5 12. Be2 Re8 13. O-O Nf8 14. dxc5
bxc5 15. Nxd5 Nxd5 16. Qxd5 Be6 17. Qxc5 Bxa2 18. Rxa2 Rxe2 19. Rxa7 1-0

[Event "Torneo Nuevo Centro. Jornada 7"]
[Site "Chess.com"]
[Date "2020.07.31"]
[Round "1"]
[White "Rodriguez, Mathias"]
[Black "Soliva Ruiz, Ramon"]
[Result "1-0"]
[WhiteElo "2013"]
[BlackElo "1446"]
[PlyCount "39"]
[EventDate "2020.??.??"]

1. e4 d5 2. exd5 Qxd5 3. Nc3 Qa5 4. Bc4 Nf6 5. a3 c6 6. b4 Qc7 7. Bb2 Bg4 8. f3
Bf5 9. Nge2 Nbd7 10. O-O h6 11. d3 e6 12. Ne4 Be7 13. N2g3 Bxe4 14. fxe4 O-O
15. Bb3 Rad8 16. Qe2 a6 17. e5 Nd5 18. c4 N5b6 19. d4 Nc8 20. Ne4 1-0

[Event "Torneo Nuevo Centro. Jornada 7"]
[Site "Chess.com"]
[Date "2020.07.31"]
[Round "1"]
[White "Escalona Moncholi, Felix"]
[Black "Gukasov, Artem"]
[Result "1-0"]
[WhiteElo "2033"]
[BlackElo "1530"]
[PlyCount "49"]
[EventDate "2020.??.??"]

1. e4 e6 2. d4 d5 3. Bd3 Nf6 4. e5 Nfd7 5. f4 c5 6. c3 Nc6 7. Nf3 Qb6 8. Bc2
Be7 9. O-O O-O 10. Kh1 f6 11. a3 c4 12. Nbd2 fxe5 13. fxe5 Qc7 14. Qe2 Nb6 15.
Rf2 Bd7 16. Nf1 Rf7 17. Ng3 Raf8 18. Be3 Na5 19. Raf1 a6 20. Bg5 Bc6 21. Bb1 h6
22. Qc2 g6 23. Bxh6 Re8 24. Qxg6+ Kh8 25. Qxf7 1-0

[Event "Torneo Nuevo Centro. Jornada 7"]
[Site "Chess.com"]
[Date "2020.07.31"]
[Round "1"]
[White "Gil López, Alejandro"]
[Black "Bascuñana Sánchez, Pablo"]
[Result "1-0"]
[WhiteElo "2189"]
[BlackElo "1647"]
[PlyCount "53"]
[EventDate "2020.??.??"]

1. e4 c5 2. Nf3 g6 3. Bc4 Bg7 4. c3 Nc6 5. d4 cxd4 6. cxd4 e6 7. d5 Nge7 8.
dxc6 bxc6 9. Nc3 O-O 10. O-O d5 11. exd5 cxd5 12. Bb3 Ba6 13. Re1 Rc8 14. Bg5
Bxc3 15. bxc3 Rxc3 16. Qd4 Rc7 17. Qh4 Qd7 18. Bxe7 Qxe7 19. Qxe7 Rxe7 20. Bxd5
Rc7 21. Bb3 Rfc8 22. h4 Bb7 23. Nd4 a6 24. Nxe6 fxe6 25. Bxe6+ Kg7 26. Bxc8
Rxc8 27. Re7+ 1-0

[Event "Torneo Nuevo Centro. Jornada 7"]
[Site "Chess.com"]
[Date "2020.07.31"]
[Round "1"]
[White "Rabbani Perez, Oumaima"]
[Black "Montesinos Diaz, Luis"]
[Result "0-1"]
[WhiteElo "633"]
[BlackElo "1793"]
[PlyCount "56"]
[EventDate "2020.??.??"]

1. e3 d5 2. Nf3 Nf6 3. Nc3 c5 4. Nb5 a6 5. Nc3 Nc6 6. Bd3 e5 7. Be2 Bd6 8. O-O
O-O 9. h3 h6 10. b3 Bf5 11. Ba3 b5 12. Bb2 Nb4 13. Rc1 d4 14. exd4 exd4 15. Nb1
Nxa2 16. Bxb5 axb5 17. Na3 Nxc1 18. Qxc1 Qc7 19. Nxb5 Qc6 20. c4 dxc3 21. dxc3
Qxb5 22. c4 Qxb3 23. Qc3 Qxc3 24. Bxc3 Ne4 25. Bb2 Rfb8 26. Rb1 Ra2 27. Bxg7
Rxb1+ 28. Ne1 Rxe1# 0-1

[Event "Torneo Nuevo Centro. Jornada 7"]
[Site "Chess.com"]
[Date "2020.07.31"]
[Round "1"]
[White "Perrot, Fabien"]
[Black "Salvador Buiza, Victor"]
[Result "0-1"]
[WhiteElo "964"]
[BlackElo "1887"]
[PlyCount "46"]
[EventDate "2020.??.??"]

1. d4 d5 2. Nf3 Nf6 3. Bg5 e6 4. e3 Be7 5. Bd3 h6 6. Bxf6 Bxf6 7. O-O O-O 8. c4
c5 9. Nc3 cxd4 10. exd4 dxc4 11. Bxc4 Nc6 12. Ne2 Qd6 13. Qb3 Bxd4 14. Nfxd4
Nxd4 15. Nxd4 Qxd4 16. Rfd1 Qc5 17. Rac1 Qb6 18. Qxb6 axb6 19. Bb3 b5 20. Rc2
b6 21. Rdc1 Bb7 22. Rc7 Rac8 23. Rxb7 Rxc1+ 0-1

[Event "Torneo Nuevo Centro. Jornada 7"]
[Site "Chess.com"]
[Date "2020.07.31"]
[Round "1"]
[White "Jordan Martinez, David"]
[Black "Donate Peris, Jose Manuel"]
[Result "1-0"]
[WhiteElo "2054"]
[BlackElo "1544"]
[PlyCount "63"]
[EventDate "2020.??.??"]

1. e4 e5 2. Nf3 Nc6 3. Bc4 Bc5 4. c3 Nf6 5. d4 exd4 6. O-O O-O 7. cxd4 Bb4 8.
e5 d5 9. exf6 dxc4 10. d5 Nb8 11. fxg7 Kxg7 12. Qd4+ Qf6 13. Bh6+ Kg6 14. Qxf6+
Kxf6 15. Bxf8 Bxf8 16. Nbd2 Bf5 17. Nxc4 Nd7 18. a3 Bh6 19. Rfe1 Bd3 20. Nce5
Nxe5 21. Nxe5 Bf5 22. g3 Rd8 23. Rad1 Rd6 24. f4 Bc2 25. Rd2 Ba4 26. b4 Bb3 27.
Ng4+ Kg7 28. Re7 Rxd5 29. Rxd5 Bxd5 30. Rxc7 a6 31. Nxh6 Kxh6 32. Rd7 1-0

[Event "Torneo Nuevo Centro. Jornada 7"]
[Site "Chess.com"]
[Date "2020.07.31"]
[Round "1"]
[White "Ortega Paredes, Manolo"]
[Black "Zamora Soler, Raul"]
[Result "0-1"]
[WhiteElo "942"]
[BlackElo "1852"]
[PlyCount "44"]
[EventDate "2020.??.??"]

1. e4 c5 2. Bc4 e6 3. Nf3 Nc6 4. d3 Nf6 5. Nc3 Be7 6. Ne2 O-O 7. Ng3 d5 8. exd5
exd5 9. Bb5 Qa5+ 10. c3 Qxb5 11. O-O Bg4 12. h3 Bxf3 13. Qxf3 Ne5 14. Qe2 Ng6
15. b3 Rfe8 16. Qd2 c4 17. dxc4 dxc4 18. bxc4 Qxc4 19. Nf5 Bc5 20. Bb2 Rad8 21.
Qc1 Ne4 22. Qg5 Nxg5 0-1

[Event "Torneo Nuevo Centro. Jornada 7"]
[Site "Chess.com"]
[Date "2020.07.31"]
[Round "1"]
[White "Castellano López, Javier"]
[Black "Galiana Fernández, Héctor"]
[Result "1-0"]
[WhiteElo "1890"]
[BlackElo "996"]
[PlyCount "49"]
[EventDate "2020.??.??"]

1. d4 Nf6 2. c4 g6 3. Nc3 d5 4. Bf4 Bg7 5. e3 O-O 6. h3 dxc4 7. Bxc4 Nc6 8. Nf3
Bf5 9. O-O Qd7 10. Re1 e6 11. e4 Bxe4 12. Nxe4 Nxe4 13. Rxe4 Rad8 14. Qc2 Nxd4
15. Nxd4 Bxd4 16. Be5 Bxe5 17. Rxe5 Qd4 18. Rae1 Rfe8 19. R5e3 Qd6 20. Rd3 Qb6
21. Rxd8 Rxd8 22. b3 Qb4 23. Rd1 Rd2 24. Qxd2 Kg7 25. Qxb4 1-0

[Event "Torneo Nuevo Centro. Jornada 7"]
[Site "Chess.com"]
[Date "2020.07.31"]
[Round "1"]
[White "Vaquer Querol, Daniel"]
[Black "Aymerich Rosell, Pablo"]
[Result "0-1"]
[WhiteElo "1518"]
[BlackElo "2026"]
[PlyCount "64"]
[EventDate "2020.??.??"]

1. e4 c6 2. d4 d5 3. Nc3 dxe4 4. Nxe4 Nf6 5. Nxf6+ exf6 6. Nf3 Bg4 7. Be2 Bd6
8. O-O O-O 9. h3 Bh5 10. Be3 Re8 11. Qd2 Nd7 12. Rfe1 Nb6 13. c3 Nd5 14. Nh4
Nxe3 15. fxe3 Bg6 16. Nxg6 hxg6 17. Bf3 Bg3 18. Rf1 Bc7 19. e4 Qd6 20. g4 c5
21. Qf2 cxd4 22. cxd4 Bb6 23. Rfd1 Rad8 24. Kh1 Bxd4 25. Qg2 Qe5 26. Rab1 b6
27. b3 a5 28. Rbc1 Bc5 29. Rd5 Qf4 30. Rcd1 Rxd5 31. exd5 Bd6 32. Kg1 Re3 0-1

[Event "Torneo Nuevo Centro. Jornada 7"]
[Site "Chess.com"]
[Date "2020.07.31"]
[Round "1"]
[White "Orts Tomás, Marc"]
[Black "Lopez Mateo, Juan Carlos"]
[Result "1/2-1/2"]
[WhiteElo "1742"]
[BlackElo "2337"]
[PlyCount "65"]
[EventDate "2020.??.??"]

1. c4 Nf6 2. g3 g6 3. Bg2 Bg7 4. Nf3 O-O 5. O-O d6 6. Nc3 c5 7. Rb1 Nc6 8. a3
a5 9. d3 Bd7 10. Ne1 Rb8 11. Nc2 Ne8 12. Bd2 Nc7 13. b4 axb4 14. axb4 cxb4 15.
Nxb4 Nxb4 16. Rxb4 b5 17. cxb5 Nxb5 18. Nxb5 Rxb5 19. Rxb5 Bxb5 20. Qb3 Bd7 21.
Bc3 Be6 22. Qb2 Bxc3 23. Qxc3 Qb6 24. Rc1 Rb8 25. h4 h5 26. Qc7 Qxc7 27. Rxc7
Kf8 28. Bf3 f6 29. Ra7 Kf7 30. Kg2 Rb3 31. d4 Bc4 32. e3 f5 33. Ra5 1/2-1/2

[Event "Torneo Nuevo Centro. Jornada 7"]
[Site "Chess.com"]
[Date "2020.07.31"]
[Round "1"]
[White "Yuste Valenzuela, Alejandro"]
[Black "Hernández Tomás, Efrén"]
[Result "1-0"]
[WhiteElo "1909"]
[BlackElo "1054"]
[PlyCount "75"]
[EventDate "2020.??.??"]

1. e4 e5 2. Nf3 Nf6 3. Nxe5 Qe7 4. Nf3 Nxe4 5. Be2 Nf6 6. Nc3 Nc6 7. d3 d6 8.
h3 Bd7 9. a4 Kd8 10. Bg5 g6 11. Nd5 Qe6 12. Bxf6+ Be7 13. Bxh8 Qxd5 14. O-O Qe6
15. Bc3 Bf6 16. Bxf6+ Qxf6 17. Re1 Qxb2 18. Ng5 Qg7 19. Rb1 h6 20. Ne4 f5 21.
Ng3 b6 22. Bf3 Qd4 23. a5 g5 24. axb6 axb6 25. Nxf5 Qf4 26. Ng7 g4 27. Bxc6
Bxc6 28. Ne6+ Kd7 29. Nxf4 gxh3 30. Nxh3 Rg8 31. Nf4 Rf8 32. Qg4+ Kd8 33. Ne6+
Ke8 34. Nxf8+ Kxf8 35. Qf5+ Kg8 36. Re7 Bd5 37. Qh7+ Kf8 38. Qg7# 1-0

[Event "Torneo Nuevo Centro. Jornada 7"]
[Site "Chess.com"]
[Date "2020.07.31"]
[Round "1"]
[White "Bendayán Claros, Aaron"]
[Black "Alvarez Usina, Jordi"]
[Result "1-0"]
[WhiteElo "1992"]
[BlackElo "1351"]
[PlyCount "72"]
[EventDate "2020.??.??"]

1. d4 d5 2. e3 Bf5 3. Bd3 Bg6 4. Nd2 e6 5. f4 Nf6 6. Ngf3 Bd6 7. O-O Ne4 8. Ne5
Nd7 9. Nxg6 hxg6 10. Nxe4 dxe4 11. Bxe4 c6 12. Qe1 Qc7 13. c3 O-O-O 14. a4 f6
15. b4 e5 16. dxe5 fxe5 17. Bxg6 exf4 18. exf4 Rh6 19. Bf5 Rdh8 20. h3 Rf6 21.
Bxd7+ Kxd7 22. Qg3 Rf7 23. Be3 Rhf8 24. Rad1 Kc8 25. Rxd6 Qxd6 26. Bc5 Qd8 27.
Bxf8 Qxf8 28. Qe3 Re7 29. Qxa7 Kc7 30. a5 Qf6 31. Rd1 Rd7 32. Rxd7+ Kxd7 33.
Qxb7+ Kd6 34. Qb8+ Kd5 35. Qe5+ Qxe5 36. fxe5 Kxe5 1-0

[Event "Torneo Nuevo Centro. Jornada 7"]
[Site "Chess.com"]
[Date "2020.07.31"]
[Round "1"]
[White "Ursariu, Nikolas Victor"]
[Black "Aguado, Pablo Luis"]
[Result "0-1"]
[WhiteElo "1024"]
[BlackElo "1889"]
[PlyCount "100"]
[EventDate "2020.??.??"]

1. e4 c5 2. Nf3 d6 3. d4 cxd4 4. Nxd4 Nf6 5. Nc3 g6 6. Bg5 Bg7 7. Nf3 O-O 8.
Qd2 Nc6 9. Bh6 Be6 10. Bxg7 Kxg7 11. Bd3 Rc8 12. O-O Ne5 13. Nxe5 dxe5 14. Rfd1
Qa5 15. a3 Rfd8 16. Ne2 Qxd2 17. Rxd2 Nxe4 18. Rdd1 Nc5 19. Bb5 Bf5 20. Rxd8
Rxd8 21. Rc1 Rd2 22. h3 Bxc2 23. Kf1 Nb3 24. Ke1 Nxc1 25. Kxd2 Nxe2 26. Kxc2
Nd4+ 27. Kd3 Nxb5 28. Kc4 Nd6+ 29. Kd5 Kf6 30. f3 Nf5 31. b4 Ne3+ 32. Ke4 Nxg2
33. Kd3 Nf4+ 34. Ke4 Nxh3 35. Kd3 Ng5 36. Ke3 Ke6 37. f4 exf4+ 38. Kxf4 Nh3+
39. Ke4 f5+ 40. Kd4 Kd6 41. Kc4 e5 42. Kd3 e4+ 43. Ke3 Ke5 44. Ke2 f4 45. Ke1
e3 46. Ke2 Ke4 47. Ke1 f3 48. Kf1 e2+ 49. Ke1 Ke3 50. b5 f2# 0-1

[Event "Torneo Nuevo Centro. Jornada 7"]
[Site "Chess.com"]
[Date "2020.07.31"]
[Round "1"]
[White "Rabbani Perez, Ayoub"]
[Black "Cayon Pelaez, Pablo"]
[Result "0-1"]
[WhiteElo "276"]
[BlackElo "1783"]
[PlyCount "46"]
[EventDate "2020.??.??"]

1. d4 d5 2. e3 Nf6 3. Nf3 e6 4. Nc3 Bd6 5. Bb5+ c6 6. Bd3 Nbd7 7. Ng5 h6 8. Nf3
O-O 9. Nxd5 exd5 10. e4 dxe4 11. Bxe4 Nxe4 12. Qd2 Nxd2 13. Bxd2 Qe8+ 14. Be3
g5 15. c3 Qe6 16. c4 g4 17. Nh4 f5 18. Nxf5 Rxf5 19. Kd1 Qe4 20. Bg5 Rxg5 21.
d5 cxd5 22. cxd5 Rxd5+ 23. Kc1 Bf4# 0-1

[Event "Torneo Nuevo Centro. Jornada 7"]
[Site "Chess.com"]
[Date "2020.07.31"]
[Round "1"]
[White "Soler Nadal, Jose Antonio"]
[Black "Gimeno Higueras, Roberto"]
[Result "0-1"]
[WhiteElo "1555"]
[BlackElo "2079"]
[PlyCount "52"]
[EventDate "2020.??.??"]

1. d4 Nf6 2. Bf4 e6 3. e3 b6 4. Bd3 Bb7 5. Nf3 d6 6. Nbd2 Nbd7 7. e4 Be7 8. Qe2
Nh5 9. Bg3 Nxg3 10. hxg3 Nf6 11. Kd1 c5 12. c3 cxd4 13. Nxd4 a6 14. Kc2 Qc7 15.
Rae1 b5 16. Kb1 h6 17. c4 bxc4 18. Nxc4 d5 19. exd5 Bxd5 20. Rc1 Qa7 21. Qe3
Bc5 22. Rhd1 Bxd4 23. Nd6+ Kf8 24. Qf4 e5 25. Qf5 Qb6 26. Rc8+ Ke7 0-1

[Event "Torneo Nuevo Centro. Jornada 7"]
[Site "Chess.com"]
[Date "2020.07.31"]
[Round "1"]
[White "Valverde Alcaide, Miguel Alejandro"]
[Black "Gracia Calvo, Andrés"]
[Result "0-1"]
[WhiteElo "874"]
[BlackElo "1804"]
[PlyCount "106"]
[EventDate "2020.??.??"]

1. d4 d5 2. b4 Bf5 3. Nc3 e6 4. e3 Nf6 5. Be2 Bxb4 6. Bd2 O-O 7. Qb1 Nc6 8. a3
Bxc3 9. Bxc3 Rb8 10. g4 Bg6 11. h4 Ne4 12. f3 Nxc3 13. Qb2 Nxe2 14. Kxe2 h5 15.
g5 Ne7 16. Qb4 Qd6 17. Rb1 Qxb4 18. Rxb4 Rfc8 19. Nh3 c5 20. dxc5 Rxc5 21. Nf4
Rxc2+ 22. Kd1 Ra2 23. Re1 Rxa3 24. Ne2 Ra1+ 25. Kd2 Rxe1 26. Kxe1 b6 27. Rb1
Rc8 28. Rc1 Rxc1+ 29. Nxc1 Nc6 30. Nb3 a5 31. Nd4 Nxd4 32. exd4 b5 33. Kd2 b4
34. Kc1 a4 35. Kb2 f6 36. gxf6 gxf6 37. Ka2 e5 38. dxe5 fxe5 39. Kb2 e4 40.
fxe4 dxe4 41. Kc2 Kf7 42. Kd2 Ke6 43. Ke3 a3 44. Kd2 a2 45. Kc2 a1=Q 46. Kb3
Qa3+ 47. Kc4 e3 48. Kd4 e2 49. Kc5 e1=Q 50. Kc6 Qa6+ 51. Kc5 Qe5+ 52. Kxb4 Qe4+
53. Kc5 Qa5# 0-1

[Event "Torneo Nuevo Centro. Jornada 7"]
[Site "Chess.com"]
[Date "2020.07.31"]
[Round "1"]
[White "Saiz Sapena, Veronica"]
[Black "Perez Garcia, Jose Miguel"]
[Result "0-1"]
[WhiteElo "1540"]
[BlackElo "2044"]
[PlyCount "106"]
[EventDate "2020.??.??"]

1. d4 c6 2. Nf3 d5 3. Bf4 Nf6 4. e3 g6 5. Nbd2 Bg7 6. h3 O-O 7. c4 e6 8. Qc2
Qe7 9. Bd3 Re8 10. Bg5 Nbd7 11. Ne5 Nf8 12. O-O h6 13. Bh4 g5 14. Bg3 N6d7 15.
Nxd7 Nxd7 16. c5 e5 17. Rae1 e4 18. Be2 f5 19. Bh5 Rd8 20. Bd6 Qf6 21. f4 Nf8
22. Rf2 g4 23. Ref1 Qh4 24. hxg4 fxg4 25. g3 Qxh5 26. Rh2 Qg6 27. Rh4 Bf6 28.
Rh2 Bf5 29. Rff2 Rd7 30. Nf1 Ne6 31. Be5 Kf7 32. Bxf6 Kxf6 33. Rh4 Rh8 34. Rfh2
h5 35. Nd2 Nf8 36. Nb3 Rh6 37. a4 Qh7 38. a5 a6 39. Rh1 Ng6 40. R4h2 Qh8 41.
Nd2 Rdh7 42. b4 h4 43. Nf1 hxg3 44. Nxg3 Nh4 45. Kf1 Nf3 46. Rxh6+ Rxh6 47.
Rxh6+ Qxh6 48. Qg2 Qh4 49. Nxf5 Kxf5 50. Ke2 Qh2 51. Qxh2 Nxh2 52. Kf2 Nf3 53.
Kg3 Ne1 0-1

[Event "Torneo Nuevo Centro. Jornada 7"]
[Site "Chess.com"]
[Date "2020.07.31"]
[Round "1"]
[White "Gómez Alonso, Óscar"]
[Black "Maestre Soler, Sergio"]
[Result "1-0"]
[WhiteElo "1848"]
[BlackElo "936"]
[PlyCount "77"]
[EventDate "2020.??.??"]

1. d4 e6 2. c4 Nf6 3. Nc3 g6 4. e4 Bg7 5. e5 Ng8 6. Nf3 f6 7. exf6 Nxf6 8. Bg5
O-O 9. Bd3 d5 10. c5 Nc6 11. a3 Bd7 12. b4 b6 13. b5 Na5 14. c6 Bc8 15. Ne5 Qd6
16. Qc2 Ne8 17. Nf3 Nc4 18. O-O Nxa3 19. Qb3 Nc4 20. Bxc4 dxc4 21. Qxc4 Rf5 22.
Rad1 Nf6 23. Bxf6 Bxf6 24. Ne4 Qa3 25. Nxf6+ Rxf6 26. d5 exd5 27. Qxd5+ Be6 28.
Qd4 Rff8 29. Ng5 Rae8 30. Rfe1 Rd8 31. Qxd8 Rxd8 32. Rxd8+ Kg7 33. Nxe6+ Kf6
34. Nxc7 Qc3 35. Rdd1 a5 36. Nd5+ Kf5 37. Nxc3 Kg4 38. Rd5 a4 39. Re4# 1-0

[Event "Torneo Nuevo Centro. Jornada 7"]
[Site "Chess.com"]
[Date "2020.07.31"]
[Round "1"]
[White "Garcia Trobat, Francisco"]
[Black "Beneyto de Ramon, Guillermo"]
[Result "1-0"]
[WhiteElo "2110"]
[BlackElo "1612"]
[PlyCount "105"]
[EventDate "2020.??.??"]

1. d4 d5 2. Nf3 e6 3. Bf4 c6 4. Nbd2 f5 5. e3 Nf6 6. Ne5 Bd6 7. Bd3 Qc7 8. O-O
Nbd7 9. Ndf3 O-O 10. c4 Ne4 11. c5 Bxe5 12. Nxe5 Nxe5 13. Bxe5 Qe7 14. f3 Ng5
15. Qd2 Bd7 16. Bd6 Qf6 17. Bxf8 Rxf8 18. f4 Ne4 19. Bxe4 fxe4 20. b4 a6 21. a4
Qg6 22. Qf2 Rf6 23. Rfb1 Rf8 24. h3 Ra8 25. Kh2 Qf5 26. g4 Qf6 27. Qg3 h6 28.
h4 g6 29. g5 Qg7 30. gxh6 Qxh6 31. Qg5 Qh7 32. Kg3 Rf8 33. h5 Qxh5 34. Qxh5
gxh5 35. Kh4 Rf5 36. Rg1+ Kh7 37. Rg5 Rxg5 38. Kxg5 Kg7 39. Kxh5 Be8+ 40. Kg5
Bd7 41. Rh1 Be8 42. Rh6 Bd7 43. Rf6 Bc8 44. f5 exf5 45. Rd6 Kf7 46. Rd8 Be6 47.
Rb8 b5 48. cxb6 Ke7 49. b7 Kd7 50. Rh8 a5 51. b8=Q c5 52. Qb7+ Kd6 53. bxc5#
1-0

[Event "Torneo Nuevo Centro. Jornada 7"]
[Site "Chess.com"]
[Date "2020.07.31"]
[Round "1"]
[White "Sendra Tormo, Juan"]
[Black "Chofre Murcia, Adrián"]
[Result "1-0"]
[WhiteElo "2281"]
[BlackElo "1715"]
[PlyCount "87"]
[EventDate "2020.??.??"]

1. e4 e5 2. Nc3 Nc6 3. Bc4 Bc5 4. d3 Nf6 5. f4 O-O 6. Nf3 d6 7. f5 Bd7 8. Bg5
h6 9. Bh4 Nd4 10. Nxd4 Bxd4 11. Nd5 Kh8 12. c3 Bc5 13. Nxf6 gxf6 14. Qh5 Kh7
15. Bxf7 Rg8 16. Bxg8+ Qxg8 17. O-O-O Be8 18. Qe2 Qxa2 19. Bxf6 Bf7 20. d4 exd4
21. Bxd4 Qa1+ 22. Kc2 Qa4+ 23. Kc1 Qa1+ 24. Kd2 Qxb2+ 25. Ke3 Bxd4+ 26. cxd4
Qc3+ 27. Qd3 Qb2 28. Rd2 Qb4 29. Rc1 Rc8 30. Kf2 b6 31. Kg1 c5 32. e5 dxe5 33.
dxe5 Qf4 34. e6 Bh5 35. Qd7+ Kg8 36. Qxc8+ Kg7 37. Qd7+ Kf6 38. Rf1 Qe3+ 39.
Kh1 Be2 40. Qd8+ Ke5 41. e7 Bh5 42. e8=Q+ Bxe8 43. Qxe8+ Kf6 44. Qxe3 1-0

[Event "Torneo Nuevo Centro. Jornada 7"]
[Site "Chess.com"]
[Date "2020.07.31"]
[Round "1"]
[White "Portillo Torrente, Manuel"]
[Black "Lloret Ramis, Juan José"]
[Result "0-1"]
[WhiteElo "1385"]
[BlackElo "2005"]
[PlyCount "58"]
[EventDate "2020.??.??"]

1. d4 d5 2. Bf4 e6 3. Nf3 Nf6 4. e3 Bd6 5. Bg3 c5 6. c3 Qc7 7. Bd3 Nbd7 8. Nbd2
O-O 9. O-O b6 10. e4 dxe4 11. Nxe4 Bxg3 12. Nxf6+ Nxf6 13. hxg3 Bb7 14. Ne5
cxd4 15. cxd4 Rac8 16. Rc1 Qd6 17. Qa4 Qd5 18. Nf3 Qh5 19. Nh2 a6 20. Qd1 Qd5
21. Nf3 Qxa2 22. Ng5 h6 23. Nf3 b5 24. Ne5 Qxb2 25. Rb1 Qa2 26. Ra1 Qd5 27. Nf3
Rfd8 28. Qe2 Qh5 29. Nh2 Qxe2 0-1

[Event "Torneo Nuevo Centro. Jornada 7"]
[Site "Chess.com"]
[Date "2020.07.31"]
[Round "1"]
[White "Pardo Ruiz, Carlos"]
[Black "Macias Pino, Diego"]
[Result "1-0"]
[WhiteElo "1713"]
[BlackElo "2236"]
[PlyCount "79"]
[EventDate "2020.??.??"]

1. e4 c6 2. d4 d5 3. exd5 cxd5 4. Bd3 Nc6 5. c3 Nf6 6. h3 g6 7. Nf3 Bf5 8. Qc2
Bxd3 9. Qxd3 Bg7 10. O-O O-O 11. Bf4 a6 12. Nbd2 b5 13. Ne5 Nxe5 14. Bxe5 Qb6
15. Nb3 Nd7 16. Bxg7 Kxg7 17. Rfe1 e6 18. Rac1 a5 19. Nd2 Rfc8 20. Nf3 b4 21.
Ng5 bxc3 22. bxc3 Rc6 23. Rb1 Qc7 24. Rbc1 Rc8 25. Re3 Rc4 26. Rxe6 Nf6 27. Re3
h6 28. Nf3 Ne4 29. Ne5 Rxc3 30. Rxc3 Qxc3 31. Qa6 Qc1+ 32. Kh2 Nxf2 33. Rf3
Qh1+ 34. Kg3 Ne4+ 35. Kh4 Qe1+ 36. g3 g5+ 37. Kh5 Nxg3+ 38. Kg4 f5+ 39. Rxf5
Nxf5 40. Qg6+ 1-0

[Event "Torneo Nuevo Centro. Jornada 7"]
[Site "Chess.com"]
[Date "2020.07.31"]
[Round "1"]
[White "Fitzpatrick Dimas, Andrew"]
[Black "Bosch Jordà, Ricard"]
[Result "0-1"]
[WhiteElo "1149"]
[BlackElo "1910"]
[PlyCount "94"]
[EventDate "2020.??.??"]

1. e4 c5 2. Nf3 Nc6 3. Nc3 g6 4. d4 cxd4 5. Nxd4 Bg7 6. Nxc6 bxc6 7. Bd2 e6 8.
Bd3 Ne7 9. O-O O-O 10. Re1 d5 11. exd5 cxd5 12. Bb5 Qb6 13. a4 a6 14. Bd3 Qxb2
15. Rb1 Qa3 16. Rb3 Qc5 17. Be3 d4 18. Ne4 Qd5 19. Bg5 f6 20. Bh4 Bb7 21. Bc4
Qxc4 22. Rxb7 Nd5 23. Nd6 Qc6 24. Rxe6 Rad8 25. Rxg7+ Kxg7 26. Nf5+ gxf5 27.
Rxc6 Rfe8 28. Rxa6 Nc3 29. Qd2 Re2 30. Qc1 Rde8 31. f3 Nd5 32. Ra7+ Kg6 33. h3
f4 34. Ra5 Ne3 35. Qb2 Rxg2+ 36. Kh1 Rxc2 37. Qxc2+ Nxc2 38. Ra6 Rd8 39. a5 Rd7
40. Ra8 d3 41. a6 d2 42. Rg8+ Kf7 43. a7 d1=Q+ 44. Kg2 Rd2+ 45. Bf2 Ne3+ 46.
Kh2 Rxf2+ 47. Rg2 Rxg2# 0-1

[Event "Torneo Nuevo Centro. Jornada 7"]
[Site "Chess.com"]
[Date "2020.07.31"]
[Round "1"]
[White "Granero Roca, Antonio"]
[Black "Fernández Martin, Carlos"]
[Result "1-0"]
[WhiteElo "2475"]
[BlackElo "1776"]
[PlyCount "135"]
[EventDate "2020.??.??"]

1. Nf3 d5 2. g3 Nf6 3. Bg2 Nc6 4. O-O e5 5. d3 h5 6. c4 e4 7. dxe4 dxe4 8.
Qxd8+ Nxd8 9. Ng5 Bf5 10. Nc3 h4 11. Ngxe4 Nxe4 12. Nxe4 h3 13. Bf3 Ne6 14. Be3
O-O-O 15. Rfd1 Be7 16. b3 Kb8 17. Kf1 f6 18. Nc3 g5 19. Nd5 Bf8 20. Nxf6 Bg7
21. Nd5 Bxa1 22. Rxa1 g4 23. Bh1 Rhf8 24. Ke1 c6 25. Nc3 Kc7 26. b4 b6 27. Rc1
Nd4 28. Bf4+ Kc8 29. b5 Nc2+ 30. Kf1 cxb5 31. e4 Be6 32. Rxc2 Bxc4+ 33. Ke1 Rd3
34. Nxb5 Kb7 35. Rxc4 Rfd8 36. Rc1 Ka6 37. Nc7+ Ka5 38. Nd5 Re8 39. Ke2 Rxd5
40. Bd2+ Kb5 41. Be3 Rde5 42. Rd1 Ka6 43. f3 Ra5 44. Rd2 Rc8 45. f4 Re8 46. e5
Rc8 47. Be4 Rc3 48. e6 Raa3 49. Bd4 Rc8 50. f5 Re8 51. Bd5 Ra5 52. Bb3 Rxf5 53.
Ke3 Rf3+ 54. Ke4 Kb7 55. Bd5+ Kc7 56. Rc2+ Kd6 57. Be5+ Ke7 58. Rc7+ Kf8 59.
Bd6+ Kg8 60. e7+ Kh8 61. Bc6 Rxe7+ 62. Rxe7 Rf1 63. Be5+ Kg8 64. Bd5+ Kf8 65.
Rxa7 Re1+ 66. Kf5 Rf1+ 67. Ke6 Re1 68. Ra8# 1-0